System Dynamics (Record no. 3189)

MARC details
005 - DATE AND TIME OF LATEST TRANSACTION
control field 20250623093546.0
020 ## - INTERNATIONAL STANDARD BOOK NUMBER
International Standard Book Number 978-0-256-11449-2
082 ## - DEWEY DECIMAL CLASSIFICATION NUMBER
Classification number LM 621. 811 PAL
100 ## - MAIN ENTRY--PERSONAL NAME
Author name PALM, W. J.
245 ## - TITLE STATEMENT
Title System Dynamics
260 ## - PUBLICATION, DISTRIBUTION, ETC.
Place of publication, distribution, etc. Boston,
Name of publisher, distributor, etc. McGraw-Hill,
Date of publication, distribution, etc. 2005.
300 ## - PHYSICAL DESCRIPTION
Extent xv, 928p.: figure. table.
Other physical details Glossary & Index.
Dimensions 26cm.
856 ## - ELECTRONIC LOCATION AND ACCESS
Link text Access Online Book
Electronic name System Dynamics
Path www.mhhe,com
942 ## - ADDED ENTRY ELEMENTS (KOHA)
Source of classification or shelving scheme Dewey Decimal Classification
Koha item type Books
Holdings
Date last seen Total checkouts Full call number Barcode Cost, replacement price Price effective from Koha item type Lost status Source of classification or shelving scheme Damaged status Not for loan Withdrawn status Home library Current library Shelving location Date acquired Cost, normal purchase price
06/05/2025   LM 621.811 PAL 00000010773 180000.00 06/05/2025 Books   Dewey Decimal Classification       College of Business Education Main Library College of Business Education Main Library General Collection 12/08/2010 60000.00
06/05/2025   LM 621.811 PAL 00000010774 180000.00 06/05/2025 Books   Dewey Decimal Classification       College of Business Education Main Library College of Business Education Main Library General Collection 12/08/2010 60000.00